Barcelona Provincial Council : who we are : more services for local councils, better quality of life for people who we are :
Descripción Física:
[16] p. : il. col. ; 21 cm
MARC
| LEADER | 00000nam a2200000Ia 4500 | ||
|---|---|---|---|
| 001 | 22910 | ||
| 008 | 160829s2010 xx 000 0 cat d | ||
| 080 | |a FU-56-71 | ||
| 110 | 1 | |a Barcelona (Catalunya : Província). |b Diputació |9 52408 | |
| 245 | |a Barcelona Provincial Council : |b who we are : |b more services for local councils, better quality of life for people | ||
| 260 | |a Barcelona : |b la Diputació, |c 2010 | ||
| 300 | |a [16] p. : |b il. col. ; |c 21 cm | ||
| 610 | 1 | 0 | |a Barcelona (Catalunya : Província). |b Diputació |9 52408 |
| 901 | |a Arxiu | ||
| 942 | |n 1 | ||
| 952 | |0 0 |1 0 |4 0 |6 FU5671 |7 1 |9 52029 |a Arxiu |b Arxiu |d 2016-12-01 |l 0 |o FU-56-71 |p 22910 |r 2016-12-01 00:00:00 |w 2016-12-01 |y ARXIU | ||
| 999 | |c 55877 |d 55877 | ||